000
00331nam a2200145Ia 4500
005
20241024054952.0
008
240331s9999 xx 000 0 und d
082
_b
WIJ
_a
821
100
_a
Wijeratne, K
245
0
_a
That one talent
260
_a
Kandy
_b
Malinda Printers
_c
1998
300
_a
19 p .,
650
_a
Poems
942
_c
L
999
_c
3329
_d
3329